| 000 | 00861nam a2200277Ia 4500 | ||
|---|---|---|---|
| 999 |
_c51310 _d51310 |
||
| 001 | 18279 | ||
| 003 | GE_BSU | ||
| 005 | 20230327111707.0 | ||
| 008 | 181216s2007||||fr |||||||||||||| ||fre|| | ||
| 020 | _a9782090353044 | ||
| 040 | _cGE_BSU | ||
| 080 | _a811.133.1 I-33 | ||
| 245 |
_aICI 1 Cahier d'exercices A1 / _cD.Abry, Y. Daas, C. Fert, C. Parpette, J. Stauber ; Edition Virginie Poitrasson. |
||
| 264 |
_aParis : _bCLE International, _c200.7 |
||
| 300 |
_a52 p. ; _c30 cm. _e+1CD |
||
| 541 | _h41 Gel. 75 T. | ||
| 653 | _aICI 1 Cahier d'exercices A1 | ||
| 653 | _aფრანგული ენა | ||
| 700 |
_aAbry,D. _eby _917271 |
||
| 700 |
_aDaas,Y. _eby _912726 |
||
| 700 |
_aFert,C. _eby _917272 |
||
| 700 |
_aParpette,C. _eby _917273 |
||
| 700 |
_aStauber,J _eby _917274 |
||
| 700 |
_aPoitrasson, Virginie _eEdition _912727 |
||
| 942 |
_cBK _2udc |
||